Statistics for Doctor Who: The First and Last Lines of the Companions

Click here to take the quiz!

General Stats

  • This quiz has been taken 33 times
  • The average score is 19 of 55

Answer Stats

HintAnswer% Correct
"Dear Santa. Thank you for the dolls and pencils and the fish. It's Easter now, so I hope I didn't wake you, but, honest, it is an emergency. There's a crack in my wall. Aunt Sharon says it's just an ordinary crack, but I know it's not, because at night there's voices, so please, please, could you send someone to fix it? Or a policeman? Or…?"
/
"'Afterword, by Amelia Williams. Hello, old friend. And here we are, you and me, on the last page. By the time you read these words, Rory and I will be long gone. So know that we lived well, and were very happy. And, above all else, know that we will love you always. Sometimes I do worry about you, though. I think, once we're gone, you won't be coming back here for a while, and you might be alone, which you should never be. Don't be alone, Doctor. And do one more thing for me. There's a little girl waiting in a garden. She's going to wait a long while, so she's going to need a lot of hope. Go to her. Tell her a story. Tell her that, if she's patient, the days are coming that she'll never forget. Tell her she'll go to sea and fight pirates. She'll fall in love with a man who'll wait 2,000 years to keep her safe. Tell her she'll give hope to the greatest painter who ever lived and save a whale in outer space. Tell her this is the story of Amelia Pond. And this how it ends.'"
Amelia Jessica "Amy" Pond (Karen Gillan)
100%
"…And that's how I got my name. Ruby. Named after Ruby Road. That's where I was found, almost… 19 years ago."
/
"Snow?"
Ruby Sunday (Millie Gibson)
95%
"Mr President?"
/
"Spoilers. Goodbye, sweetie."
River Song (Alex Kingston)
85%
"I'm late now. I've missed it. It's midnight. Mickey's going to be calling me everything. This is your fault."
/
"And you, Doctor? What was the end of that sentence?"
Rose Tyler (Billie Piper)
85%
"Excellent bottom."
/
"I must. But know this, Time Lord. You are not alone."
Captain Jack Harkness (John Barrowman)
80%
"Angie? Is the Internet working? Trying to phone the helpline; they won't answer."
/
"And don't go forgetting me again, because, quite frankly, that was offensive."
Clara Oswin Oswald (Jenna[-Louise] Coleman)
80%
"Go on, Ryan! You're doing it, mate!"
/
"I'm Graham. And apparently I've got to be the first one to talk, so... Right. I have this problem. See, I met this person, and I got whooshed away across all space and time. I mean, I had the most amazing adventures, really. I mean, you wait till you hear, cause I'm going to tell you 'em all. But… But I came back, and I actually can't tell anyone, because they'd have me put away. And that's... That started me thinking, though. I can't be the only one. I can't. And look! I'm not. I reckon there are more people out there too. So maybe this is where we share stories about the Doc."
Graham O'Brien (Bradley Walsh)
80%
"Ladies, please! Thank you. Can I suggest a simple solution? You pay for her cracked window; you pay for her scratched door; and we all agree that parking round here is a nightmare, but that grown-ups really shouldn't need to call the police to sort it out for them. Now, if we're all agreed on that, there's no need for me to take any further police action and we can all get on with our lives. What do you reckon?"
/
"Of course she's OK. She's the Doctor."
Yasmin Khan (Mandip Gill)
75%
"Master?"
/
"Affirmative, mistress."
K·9 Mark 2 (John Leeson)
70%
"Sir! Sir! I bought ten more artefacts at auction, Mister Van Statten."
/
"Rose, take me with you."
Adam Mitchell (Bruno Langley)
65%
"Yes, Doctor Ramsden."
/
"There's a gravestone here for someone with the same name as me."
Rory Arthur Williams (Arthur Darvill)
65%
"Affirmative, master."
/
"Insufficient data, mistress."
K·9 Mark 1 (John Leeson)
55%
"Oh? Not gone yet?"
/
"Sorry, did you say 'her'?"
Ian Chesterton (William Russell)
50%
"Me, Nan. We keep trying this."
/
"Yeah."
Ryan Sinclair (Tosin Cole)
50%
"I'm serious."
/
"Now I'll never know if I was right."
Adric (Matthew Waterhouse)
45%
"I seem to have two coffees and one of them's a skinny latte with an extra shot."
/
"Dan. I've, er… I've only been back a month, and I've got to say, I'm glad I'm not on the verge of being exterminated any more. But I do miss her."
Dan Lewis (John Bishop)
45%
"You're up early. What's happening?"
/
"Mickey. Mickey."
Martha Jones (Freema Agyeman)
45%
"Aren't you jealous, father?"
/
"Not easily, Tegan. Like you, I'm indestructible."
Nyssa (Sarah Sutton)
45%
"Wait in here, please, Susan. I won't be long."
/
"Shh!"
Barbara Wright (Jacqueline Hill)
40%
"What's going on? Let me out of here!"
/
"Mad Aunty Mel! Mad Aunty Mel."
Melanie Bush (Bonnie Langford)
40%
"Doctor?"
/
"And you and I, K·9, are going to help Biroc free them. That's something we've got to do, don't you think?"
Romanadvoratrelundar Ⅱ (Lalla Ward)
40%
"Right, then. Don't worry. Stand back. What have we got here, then?"
/
"Merry Christmas indeed, Doctor."
Jackson Lake (David Morrissey)
35%
"There's a wee drop left yet."
/
"Doctor."
James "Jamie" Robert McCrimmon (Frazer Hines)
35%
"Enough! This is a poor welcome, my lord."
/
"Destroy me. Please."
Kamelion (Gerald Flood)
35%
"Nothing there. Oooh! This must be it."
/
"Cuddle."
Nardole (Matt Lucas)
35%
"Who are you?"
/
"Do you miss it? Out there?"
Donna Noble (Catherine Tate)
30%
"Oh, I'm sorry, Miss Wright. I didn't hear you coming in. Aren't they fabulous?"
/
"Goodbye, everybody."
Susan Foreman (Carole Ann Ford)
30%
"Bennett! Bennett! The rescue ship's landed! Bennett, let me in!"
/
"Yes, there is. There's us. We can start again. With your cousin's help we can, we can build another Troy."
Vicki (Maureen O'Brien)
30%
"But, great priestess, the auguries said that…"
/
"You show me so many strange mysteries. With you I know I'm safe."
Katarina (Adrienne Hill)
25%
"Sorry, lover."
/
"We could've been so good together!"
Lady Christina de Souza (Michelle Ryan)
25%
"Don't beg, Tomas. What I said was the truth."
/
"Will he be lonely, K·9?"
Leela (Louise Jameson)
25%
"Oh-ho, scared!"
/
"You go with the Doctor!"
Wilfred Mott (Bernard Cribbins)
25%
"One moment."
/
"Yeah. Are you any good with a lawn mower, Ancelyn?"
Brigadier Sir Alastair Gordon Lethbridge-Stewart (Nicholas Courtney)
20%
"Passport."
/
"You OK?"
Tegan Jovanka (Janet Fielding)
20%
"Yes."
/
"Goodnight, Jamie."
Victoria Waterfield (Deborah Watling)
20%
"Oh, yeah, I think I do."
/
"We might see you sometime. Take care."
Able Seaman Ben Jackson (Michael Craze)
15%
"I've got to go. Excuse me."
/
"Thank you, Doctor."
Doctor Grace Holloway (Daphne Ashbrook)
15%
"This the patient, sir?"
/
"'Twin'?"
Surgeon-Lieutenant Harry Sullivan (Ian Marter)
15%
"Parapsychology library. What reference do you require, Doctor Corwyn?"
/
"All right, I'm coming."
Zoë Heriot (Wendy Padbury)
15%
"Talk faster."
/
"Is there nothing you can't do?"
Captain Adelaide Brooke (Lindsay Duncan)
10%
"The Director's expecting you, sir."
/
"Oh, I feel fine."
Captain Mike Yates (Richard Franklin)
10%
"Where's the telephone?"
/
"I resist all attempts to change me into somebody else."
Dorothea "Dodo" Chaplet (Jackie Lane)
10%
"The mistake's in your wallet, not my arithmetic."
/
"How many Doctors are there?"
Dorothy "Ace" (Sophie Aldred)
10%
"Was all that nonsense out there really necessary? Identity passes? Guards? I was even searched."
/
"The rubbish tip?"
Elizabeth "Liz" Shaw (Caroline John)
10%
"Doctor, I, er…"
/
"I think we're going to be here quite some time."
Josephine "Jo" Grant (Katy Manning)
10%
"Hey, Jack. Jeff."
/
"Hey!"
Mickey Smith (Noel Clarke)
10%
"Stay where you are! You real?"
/
"Goodbye, Doctor."
Steven Taylor (Peter Purves)
10%
"Ahem!"
/
"Only yours."
Bill Potts (Pearl Mackie)
5%
"Hi."
/
"Hey! What do you want…?"
Perpugilliam "Peri" Brown (Nicola Bryant)
5%
"Yes, Professor."
/
"I will. You will be safe, won't you?"
Polly (Anneke Wills)
5%
"Doctor?"
/
"Not even us."
Romanadvoratrelundar Ⅰ (Mary Tamm)
5%
"Yes, Professor?"
/
"What? What is it?"
Sarah Jane Smith (Elisabeth Sladen)
5%
"Yes."
/
"Doctor!"
Sara Kingdom (Jean Marsh)
5%
"HQ are checking now. Where are they?"
/
"Yes?"
Sergeant/Regimental Sergeant Major Benton (John Levene)
5%
"Crude, heavy and inefficient."
/
"Thank you for everything, Doctor. Look after him, won't you? He gets into the most terrible trouble."
Vislor Turlough (Mark Strickson)
5%

Score Distribution

Percentile by Number Answered

Percent of People with Each Score

Your Score History

You have not taken this quiz